Vector analysis with applications (Record no. 5838)

000 -LEADER
fixed length control field 00528nam a22002051 4500
001 - CONTROL NUMBER
control field 5838
003 - CONTROL NUMBER IDENTIFIER
control field BD-DhUET
008 - FIXED-LENGTH DATA ELEMENTS--GENERAL INFORMATION
fixed length control field 861017s1932 enka 000 0 eng c
020 ## - INTERNATIONAL STANDARD BOOK NUMBER
International Standard Book Number 8122405487
040 ## - CATALOGING SOURCE
Original cataloging agency DLC/ICU
Transcribing agency CGU
Modifying agency BD-DhUET
082 0# - DEWEY DECIMAL CLASSIFICATION NUMBER
Classification number 516.83
Item number ALI/1993
100 ## - MAIN ENTRY--PERSONAL NAME
Personal name Ali Ashraf, Md.
245 10 - TITLE STATEMENT
Title Vector analysis with applications
250 ## - EDITION STATEMENT
Edition statement 3rd ed.
260 ## - PUBLICATION, DISTRIBUTION, ETC. (IMPRINT)
Place of publication, distribution, etc. New Delhi
Name of publisher, distributor, etc. Wiley Eastern
Date of publication, distribution, etc. 1993
300 ## - PHYSICAL DESCRIPTION
Extent xv,308p.
Other physical details ill.
Dimensions 23 cm.
504 ## - BIBLIOGRAPHY, ETC. NOTE
Bibliography, etc Includes bibliographies
650 #0 - SUBJECT ADDED ENTRY--TOPICAL TERM
Topical term or geographic name as entry element Vector analysis
942 ## - ADDED ENTRY ELEMENTS (KOHA)
Koha item type General Book
Holdings
Shelving location Copy number Koha full call number Not for loan Lost status Location (home branch) Damaged status Koha date last seen Koha normalized classification for sorting Price effective from Piece designation (barcode) Date acquired Sublocation or collection (holding branch) Source of classification or shelving scheme Koha item type Koha date last borrowed Koha renewals Koha out on loan Withdrawn status Koha issues (times borrowed)
Circulation section8516.83/ALI/1993  Central Library, BUET 2022-12-13516_830000000000000_ALI_19932014-11-29875312014-11-29Central Library, BUET General Book2022-12-13 2022-12-27 3
Circulation section2516.83/ALI/1998  Central Library, BUET 2025-05-13516_830000000000000_ALI_19982014-12-21875282014-12-21Central Library, BUET General Book2025-04-291  13
Circulation section3516.83/ALI/1998  Central Library, BUET 2016-04-02516_830000000000000_ALI_19982015-01-27875302015-01-27Central Library, BUET General Book     
Circulation section4516.83/ALI/1998  Central Library, BUET 2025-11-30516_830000000000000_ALI_19982015-01-31487832015-01-31Central Library, BUET General Book2022-12-13   6
Circulation section1516.83/ALI/1998  Central Library, BUET 2020-11-03516_830000000000000_ALI_19982015-02-11941022015-02-11Central Library, BUET General Book2020-01-05   5
Circulation section7516.83/ALI/1993  Central Library, BUET 2025-11-18516_830000000000000_ALI_19932015-04-11875252015-04-11Central Library, BUET General Book2024-04-02   8
Circulation section6516.83/ALI/1993  Central Library, BUET 2025-11-29516_830000000000000_ALI_19932015-04-23875262015-04-23Central Library, BUET General Book2023-09-27   6
Circulation section7516.83/ALI/1993  Central Library, BUET 2022-05-25516_830000000000000_ALI_19932015-05-03875292015-05-03Central Library, BUET General Book2022-03-30   2
Reading section9516.83/ALI/1993  Central Library, BUET 2015-06-07516_830000000000000_ALI_19932015-06-07875502015-06-07Central Library, BUET Reading Item     
Reading section10516.83/ALI/1993  Central Library, BUET 2015-06-07516_830000000000000_ALI_19932015-06-07923742015-06-07Central Library, BUET Reading Item     
Reading section12516.83/ALI/1993  Central Library, BUET 2015-06-08516_830000000000000_ALI_19932015-06-08941002015-06-08Central Library, BUET Reading Item     
Reading section13516.83/ALI/1993  Central Library, BUET 2015-06-14516_830000000000000_ALI_19932015-06-14875512015-06-14Central Library, BUET Reading Item     
Circulation section14516.83/ALI/1993  Central Library, BUET 2017-03-04516_830000000000000_ALI_19932015-09-02875272015-09-02Central Library, BUET General Book